Dosimetry of internal emitters in Nuclear Medicine and radiation protection / (Record no. 190206)

MARC details
000 -LEADER
fixed length control field 00584nam a22001937a 4500
005 - DATE AND TIME OF LATEST TRANSACTION
control field 20220720144939.0
010 ## - LCCN (DPL NO)
LC control number ENG-133729
020 ## - INTERNATIONAL STANDARD BOOK NUMBER
International Standard Book Number 9788186514344
Terms of availability 450.00
035 ## - SYSTEM CONTROL NUMBER
System control number EN-117261
037 ## - SOURCE OF ACQUISITION
Source of stock number/acquisition DBAD/PUB
082 ## - DEWEY DECIMAL CLASSIFICATION NUMBER
Classification number 539.77
100 ## - MAIN ENTRY--PERSONAL NAME
Personal name Reddy, A R
245 ## - TITLE STATEMENT
Title Dosimetry of internal emitters in Nuclear Medicine and radiation protection /
Statement of responsibility, etc by AR Reddy [and] SC Jain
260 ## - PUBLICATION, DISTRIBUTION, ETC. (IMPRINT)
Place of publication, distribution, etc Delhi
Name of publisher, distributor, etc DRDO
Date of publication, distribution, etc 2011
270 ## - ADDRESS
Address DESIDOC, Metcalf House
City Delhi
Postal code 110054
300 ## - PHYSICAL DESCRIPTION
Extent xvii, 293p.
Dimensions 24cm(pbk)
700 ## - ADDED ENTRY--PERSONAL NAME
Personal name Jain, SC
942 ## - ADDED ENTRY ELEMENTS (KOHA)
Source of classification or shelving scheme Dewey Decimal Classification
Item type English Books
Classification part 539.77
Call number suffix RED
Holdings
Withdrawn status Lost status Not for loan Collection code Home library Current library Date acquired Source of acquisition Cost, normal purchase price Full call number Barcode Copy number Cost, replacement price Koha item type
      Non-fiction Bawana Bawana 20/07/2022 DBAD/PUB 450.00 539.77 RED EN-117261 1 450.00 English Books

© Delhi Public Library
Hit Counter
free hit counter